[Event "Oberpfalz-ch M2"]
[Site "Roding"]
[Date "2010.03.27"]
[Round "2"]
[White "Gocacenko, Alexandr"]
[Black "Hummel, Thomas1111"]
[Result "0-1"]
[WhiteElo "1583"]
[BlackElo "1769"]
[PlyCount "60"]
[EventDate "2010.03.27"]
[EventType "swiss"]
[EventRounds "8"]
[EventCountry "GER"]
[SourceTitle "EXT 2012"]
[Source "ChessBase"]
[SourceDate "2011.11.24"]
[SourceVersion "1"]
[SourceVersionDate "2011.11.24"]
[SourceQuality "1"]

1. e4 Nc6 2. Nf3 e5 3. Bc4 h6 4. Nc3 Nf6 5. d4 exd4 6. Nxd4 d6 7. 0-0 Be7 8. Re1 Ne5 9. Bb3 0-0 10. h3 a6 11. f4 Nc6 12. Re3 Nxd4 13. Qxd4 c5 14. Qd3 b5 15. Bd5 Rb8 16. Bd2 Nd7 17. Rc1 Nb6 18. Qe2 b4 19. Nd1 Bf6 20. Kh1 Nxd5 21. exd5 Bb7 22. Qf3 a5 23. c4 Qd7 24. b3 a4 25. Nf2 axb3 26. axb3 Ra8 27. Ng4 Bh4 28. g3 Bd8 29. Kh2 Ra2 30. Re2 Bc8 0-1

[Event "Landesliga Nord 0203"]
[Site "Bayern"]
[Date "2003.03.30"]
[Round "9.8"]
[White "Gocacenko, Alexandr"]
[Black "Ruetzel, Wolfgang"]
[Result "0-1"]
[WhiteElo "1482"]
[BlackElo "1971"]
[PlyCount "80"]
[EventDate "2002.10.20"]
[EventType "team"]
[EventRounds "9"]
[EventCountry "GER"]
[SourceTitle "EXT 2004"]
[Source "ChessBase"]
[SourceDate "2003.11.25"]
[SourceVersion "1"]
[SourceVersionDate "2003.11.25"]
[SourceQuality "1"]
[WhiteTeam "Cham"]
[BlackTeam "Burgsinn"]
[WhiteTeamCountry "GER"]
[BlackTeamCountry "GER"]

1. e4 c5 2. Nf3 d6 3. Nc3 g6 4. d4 cxd4 5. Nxd4 Nf6 6. Bc4 Bg7 7. 0-0 0-0 8. Kh1 Nc6 9. Be3 Ng4 10. Nxc6 bxc6 11. Bg5 h6 12. Bh4 Qc7 13. h3 Ne5 14. Bb3 Ba6 15. Re1 Rfe8 16. f4 Nd7 17. Qg4 e6 18. Rad1 Nc5 19. f5 Nxb3 20. axb3 Kh7 21. Bg3 e5 22. Ne2 Rad8 23. Bh4 Rd7 24. Bf2 Bc8 25. Ng3 Qd8 26. Be3 d5 27. exd5 cxd5 28. fxg6+ fxg6 29. Qf3 d4 30. Bg1 Bb7 31. Ne4 Rf8 32. Qd3 Qc8 33. b4 Rc7 34. Nc5 Ba8 35. Bh2 Re8 36. Ne4 Rxc2 37. Nd2 Rxb2 38. Bxe5 Rxe5 39. Rg1 Re3 40. Qb5 Qxh3# 0-1